000 00273nam a22001217a 4500
008 181101b xxu||||| |||| 00| 0 eng d
041 _aeng
080 _24 th
_a159.9
100 _a48
101 _aPSI
245 _aPsychiatric Dictionary
_cLeland .e.h
942 _2udc
_cBK
999 _c51396
_d51396